00845nam a2200205 a 450000100100000000500170001000800410002702000150006804000250008308200150010810000340012324500990015726000340025649000440029050000600033450000740039450000770046870000500054583000440059500004224020201002040026.0131120s2004 sp 000 p spa d a8497933451 aDO-SdBNPbspacBNPHU axxxbD218c1 aDarío, Rubén,d1867-1916.10aCantos de vida y esperanza /cRubén Darío ; edición de Rocío Oviedo Pérez de Tudela. aBarcelona :bBolsillo,c2004.1 aClásicos (Debolsillo (Firm)aareav61 a"Coedición entre Area y Random House Mondadori, S.A." aIncluye referencias bibliográficas y notas al pie de las páginas. aIncluye datos biográficos del autor en la solapa de la contracubierta.12aOviedo Pérez de Tudela, Rocíod1953-eed. 0aClásicos (Debolsillo (Firm)parean61